<?xml version="1.0" encoding="UTF-8"?>
<record
    xmlns:xsi="http://www.w3.org/2001/XMLSchema-instance"
    xsi:schemaLocation="http://www.loc.gov/MARC21/slim http://www.loc.gov/standards/marcxml/schema/MARC21slim.xsd"
    xmlns="http://www.loc.gov/MARC21/slim">

  <leader>00325nam a2200133Ia 4500</leader>
  <controlfield tag="008">220603s9999    xx            000 0 und d</controlfield>
  <datafield tag="082" ind1=" " ind2=" ">
    <subfield code="b">CAR</subfield>
  </datafield>
  <datafield tag="100" ind1=" " ind2=" ">
    <subfield code="a">Carvalho</subfield>
    <subfield code="9">93026</subfield>
  </datafield>
  <datafield tag="245" ind1=" " ind2=" ">
    <subfield code="a">Indian Journal of Oncology Nursing</subfield>
  </datafield>
  <datafield tag="260" ind1=" " ind2=" ">
    <subfield code="a">Mumbai</subfield>
    <subfield code="b">Anuraj Publication</subfield>
    <subfield code="c">2008</subfield>
  </datafield>
  <datafield tag="365" ind1=" " ind2=" ">
    <subfield code="b">Rs.</subfield>
  </datafield>
  <datafield tag="440" ind1=" " ind2=" ">
    <subfield code="v">5</subfield>
  </datafield>
  <datafield tag="999" ind1=" " ind2=" ">
    <subfield code="c">57056</subfield>
    <subfield code="d">57056</subfield>
  </datafield>
  <datafield tag="952" ind1=" " ind2=" ">
    <subfield code="0">0</subfield>
    <subfield code="1">0</subfield>
    <subfield code="4">0</subfield>
    <subfield code="7">0</subfield>
    <subfield code="a">BTIN</subfield>
    <subfield code="b">BTIN</subfield>
    <subfield code="d">2009-09-01</subfield>
    <subfield code="e">Magna Publishing Company Ltd.</subfield>
    <subfield code="l">0</subfield>
    <subfield code="o">CAR BV0240</subfield>
    <subfield code="p">BTIN-BV-240</subfield>
    <subfield code="r">2022-08-10 00:00:00</subfield>
    <subfield code="w">2009-09-01</subfield>
    <subfield code="y">BV</subfield>
    <subfield code="z">BV000240</subfield>
  </datafield>
  <datafield tag="952" ind1=" " ind2=" ">
    <subfield code="0">0</subfield>
    <subfield code="1">0</subfield>
    <subfield code="2">ddc</subfield>
    <subfield code="4">0</subfield>
    <subfield code="7">0</subfield>
    <subfield code="a">BTIN</subfield>
    <subfield code="b">BTIN</subfield>
    <subfield code="d">2023-03-30</subfield>
    <subfield code="h">Vol. 39, No. 1</subfield>
    <subfield code="l">0</subfield>
    <subfield code="p">BTIN-JN-21</subfield>
    <subfield code="r">2023-07-04 00:00:00</subfield>
    <subfield code="w">2009-09-01</subfield>
    <subfield code="y">JN</subfield>
  </datafield>
  <datafield tag="952" ind1=" " ind2=" ">
    <subfield code="0">0</subfield>
    <subfield code="1">0</subfield>
    <subfield code="2">ddc</subfield>
    <subfield code="4">0</subfield>
    <subfield code="7">0</subfield>
    <subfield code="a">BTIN</subfield>
    <subfield code="b">BTIN</subfield>
    <subfield code="d">2023-06-15</subfield>
    <subfield code="h">Vol. 39, No. 2</subfield>
    <subfield code="l">0</subfield>
    <subfield code="p">BTIN-JN-38</subfield>
    <subfield code="r">2023-08-02 00:00:00</subfield>
    <subfield code="w">2009-09-01</subfield>
    <subfield code="y">JN</subfield>
  </datafield>
</record>
